Paroles - Chanter le monde - Santa - Statistiques

Statistiques générales
  • Ce quiz a été pris 9 fois
  • Le résultat moyen est 101 sur 164
Statistiques - réponses
Réponse % Correct
je
100%
Je
100%
à
83%
âme
83%
de
83%
J'ai
83%
j'ai
83%
le
83%
Le
83%
ma
83%
me
83%
mon
83%
monde
83%
avec
67%
C'est
67%
c'est
67%
chantais
67%
dans
67%
est-ce
67%
fera ?
67%
ferais
67%
jamais,
67%
jamais
67%
J'écrirai
67%
les
67%
Mais
67%
Ou
67%
Perdu
67%
plus
67%
Pour
67%
pour
67%
qui
67%
rôle,
67%
rôle
67%
Si
67%
un
67%
vie
67%
vie ?
67%
voudra
67%
au
50%
chaque
50%
chute
50%
contre
50%
dansé
50%
danser
50%
diable
50%
drames
50%
drôles
50%
et
50%
Il
50%
J'écrirais
50%
J'évite
50%
La
50%
la
50%
l'émoi
50%
L'on
50%
longtemps
50%
m'entend
50%
ne
50%
ombres
50%
Parlé
50%
pas
50%
prié,
50%
prié
50%
puis
50%
regarde
50%
trop
50%
Vendu
50%
beau
33%
bruit
33%
ceux
33%
chansons
33%
commence
33%
crié
33%
des
33%
fables
33%
fait
33%
miroir
33%
musique
33%
nom
33%
Paris
33%
quand
33%
que
33%
restent
33%
s'arrête
33%
teste
33%
tête
33%
démons
17%
quelques
17%
Aucun quiz correspondant
Distribution des résultats
% des personnes avec chaque résultat
Percentile par nombre de réponses
Votre historique - résultats
Vous n’avez pas pris ce quiz